000 00635nam a2200301Ia 4500
005 20260401122058.0
008 008 250103s9999 xx 000 0 eng d
020 _a8172232578
037 _aTB
040 _aEDL
040 _beng
040 _cEDL
041 _2eng
041 _aeng
084 _aIn823 NAG
084 _qEDL
100 _aNagarkar, Kiran
_91232535
245 0 _aCuckold
245 0 _cNagarkar, Kiran
260 _aNew Delhi
260 _bHarper Collins
260 _c1997
300 _a609p
942 _cTB
942 _hIn823 NAG
999 _c1844777
_d1844777